000 00985cam a22002413a 4500
001 3532
003 PGUSA
005 20140828083034.0
008 021101s2002||||xxu|||||s|||||000 | eng d
040 _aPGUSA
_beng
042 _adc
050 4 _aPS
100 1 _aLeacock, Stephen,
_d1869-1944
245 1 0 _aMy Discovery of England
_h[electronic resource] /
_cStephen Leacock
260 _bProject Gutenberg,
_c2002
505 0 _aThe balance of trade in impressions -- I am interviewed by the press -- Impressions of London -- A clear view of the government and politics of England -- Oxford as I see it -- The British and the American press -- Business in England -- Is prohibition coming to England? -- "We have with us to-night" -- Have the English any sense of humour?
506 _aPublic domain in the USA.
516 _aElectronic text
653 _aEngland -- Humor
830 0 _aProject Gutenberg
_v3532
856 4 0 _uhttp://www.gutenberg.org/ebooks/3532
942 _cEB
999 _c232861
_d232861